Teacher education and teaching : empowerment for whom? when? (Record no. 77691)

MARC details
000 -CABECERA
campo de control de longitud fija 00521nam a2200193 a 4500
005 - FECHA Y HORA DE LA ÚLTIMA TRANSACCIÓN
campo de control 20210219153452.0
008 - ELEMENTOS DE LONGITUD FIJA--INFORMACIÓN GENERAL
campo de control de longitud fija 991125n 000 0 eng u
035 ## - NÚMERO DE CONTROL DEL SISTEMA
Número de control de sistema UPN01000101652
100 ## - ASIENTO PRINCIPAL--NOMBRE PERSONAL
Nombre de persona Clift, Renee T.
222 ## - TÍTULO CLAVE
Título clave TEACHER EDUCATOR
245 ## - MENCIÓN DE TÍTULO
Título Teacher education and teaching : empowerment for whom? when?
300 ## - DESCRIPCIÓN FÍSICA
Extensión 14-23
362 ## - FECHAS DE PUBLICACIÓN Y/O DESIGNACIÓN SECUENCIAL
Fecha de publicación y/o designación secuencial 1991 27, no. 1
653 0# - TERMINO DE INDIZACION - NO CONTROLADO
Término no controlado CAMBIO EDUCATIVO
653 0# - TERMINO DE INDIZACION - NO CONTROLADO
Término no controlado DESARROLLO DE LA FACULTAD
653 0# - TERMINO DE INDIZACION - NO CONTROLADO
Término no controlado TENER DECISION
904 ## - ELEMENTOS DE DATOS D LOCAL, LDD (RLIN)
a AC
b 039463
905 ## - TIPO DE MATERIAL
Tipo de material Articulo

No items available.